| 000 | 00522nam a2200205Ia 4500 | ||
|---|---|---|---|
| 999 |
_c4912 _d4912 |
||
| 003 | 0100 | ||
| 008 | 130227s9999 xx 000 0 und d | ||
| 040 | _cARRUPELIB | ||
| 050 | _aDT2554.L811 1960 | ||
| 100 |
_aGreat Britain. Colonial Office _913406 |
||
| 245 | _aBasutoland government | ||
| 245 | _blocal government handbook | ||
| 260 |
_aMaseru, Basutoland _bDepartment of Local Government _c1960 |
||
| 300 | _a27cm. | ||
| 650 |
_bBasutoland _xlaws _931712 |
||
| 700 |
_aBasutoland Government _931713 |
||
| 942 |
_2lcc _cMONOGRAPH |
||